Dopasuj języki do flag - Statystyki

Ogólne statystyki
  • Ten quiz został rozwiązany 49 razy
    20 od ostatniego zresetowania
  • Średni wynik to 12 z 20
Statystyki odpowiedzi
Obrazkowy Odpowiedź % Poprawnych
Angielski
100%
Fiński
100%
Arabski
92%
Hindi
92%
Hiszpański
92%
Włoski
85%
Kazachski
77%
Niemiecki
77%
Łaciński
69%
Rumuński
69%
Arabski
62%
Portugalski
62%
Kataloński
54%
Malediwski
54%
Francuski
38%
Turkmeński
38%
Angielski
31%
Azerbejdżański
31%
Dzongkha
8%
Rundi
0%
Nie znaleziono quizów pasujących do podanych kryteriów
Rozkład punktacji
Procent ludzi z każdym wynikiem
Percentyl według liczby udzielonych odpowiedzi
Twoja historia wyników
Nie rozwiązałeś tego quizu od ostatniego zresetowania